000 02528ngm a2200421 4500
003 dpl
005 20080723110517.0
007 DVD
008 ||||||sp199 xxu|||||c|||| 00| 0 eng d
010 _aDVD-000968-969 & DVD-005357-5361
024 _aEDVD-F10021
_c499.00 , 99.00 (Revised Price)
035 _aDVD-000968-969
040 _aDPL
_cDPL
082 _aDVD / FINA
245 _aFinal Destination 2 :
_cNew Line Cinema Presents
_h[videorecording] DVD/
_bYou Can's Cheat Death Twice
260 _bNew Line Cinema
300 _a1 videodisc DVD;
_bsd., col. ;
_c4 3/4 in.
_fDVD
440 _aEagle Home Entertainment
500 _aThis DVD is Copy Protected
538 _iLanguage: Dolby Digital 5.1-English Subtitles: English
538 _aAspect Ratio: 2.35:1, Presentation type: Wide Screen Presentation Size 16x9
650 _aMotion Picture
700 _aCook, A.J.
700 _aLandes, Michael
700 _aPapsidera, John
700 _aWalker, Shirley
700 _aSears, Eric
700 _aBolton, Michael
942 _cCF
_2ddc
_hDVD
_mFINA
999 _c16772
_d16772